Využitie kreatívnych metód v podnikovej praxi bakalárska práca

Gespeichert in:
Bibliographische Detailangaben
1. Verfasser: Tarhaničová, Lenka
Körperschaft: Podnikovohospodárska fakulta EU so sídlom v Košiciach. Katedra manažmentu
Weitere Verfasser: Demjanová, Lucia, 1981-
Format: Buch
Sprache:Slowakisch
Veröffentlicht: Košice 2013
Tags: Tag hinzufügen
Keine Tags, Fügen Sie das erste Tag hinzu!

MARC

LEADER 00000nbm a2200000 4500
001 0172248
005 20161109112038.6
041 0 |a slo 
044 |a SK 
245 1 0 |a Využitie kreatívnych metód v podnikovej praxi  |b bakalárska práca  |c Lenka Tarhaničová ; školiteľ: Lucia Demjanová 
264 1 |a Košice  |c 2013 
300 |a 55 s. 
100 1 |a Tarhaničová, Lenka 
700 1 |a Demjanová, Lucia, 1981- 
710 2 |a Podnikovohospodárska fakulta EU so sídlom v Košiciach. Katedra manažmentu